معجزات الأعشاب الطبيعية في علاج الأمراض القلبية وتنشيط الدورة الدموية / (Record no. 6825)
[ view plain ]
| 000 -الفاتح | |
|---|---|
| حقل البيانات ثابتة الطول | 00904nac a22001691u 4500 |
| 008 - عناصر البيانات ثابتة الطول - معلومات عامة | |
| حقل البيانات ثابتة الطول | 101221t xxu||||| |||| 00| 0 ara d |
| 082 ## - رقم تصنيف ديوى العشرى | |
| رقم التصنيف | 615.537 |
| رقم المادة | ش ل ب |
| 100 1# - المدخل الرئيسى - إسم شخصى | |
| الإسم الشخصى | شلبى ، ياسر جعفر |
| 9 (RLIN) | 21625 |
| 245 ## - بيان العنوان | |
| العنوان | معجزات الأعشاب الطبيعية في علاج الأمراض القلبية وتنشيط الدورة الدموية / |
| بيان المسئوليه,etc | ياسر جعفر شلبى |
| 260 ## - PUBLICATION, DISTRIBUTION, ETC. (IMPRINT) | |
| مكان الناشر او الموزع | القاهرة : |
| اسم الناشر او الموزع | الأهرام للتوزيع ، |
| تاريخ النشر أو التوزيع | [د . ت]. |
| 300 ## - الوصف المادى | |
| التعداد | 112 ص : |
| تفاصيل ماديه اخرى للوعاء | ايض ؛ |
| أبعاد الوعاء | 18 سم. |
| 541 ## - تبصرة المصدر المباشر للتزويد | |
| مصدر التزويد | إهداء ؛ |
| طريقة التزويد | مكتبة الإسكندرية ؛ |
| 650 ## - المدخل الاضافى بالموضوع-مصطلح موضوعى | |
| مصطلح موضوعي أو اسم جغرافي كعنصر مدخل | القلب |
| 9 (RLIN) | 21626 |
| التقسيم الفرعي العام | أمراض |
| 650 ## - المدخل الاضافى بالموضوع-مصطلح موضوعى | |
| مصطلح موضوعي أو اسم جغرافي كعنصر مدخل | العلاج النباتي |
| 9 (RLIN) | 21627 |
| 942 ## - عناصر المدخل الإضافي( كوها) | |
| Koha [default] item type | Book - Borrowing |
| سابقة رقم الطلب | 615.537 ش ل ب |
| مصدر التصنيف او مخطط الترفيف | Dewey Decimal Classification |
| حالة التراجع | حالة الفقد | مصدر التصنيف او خطة الترفيف | حالة تلف | ليس للاعارة | مجموعات كوها | المكان الدائم | المكان الحالي | موقع الترفيف | تاريخ الاكتساب | Source of acquisition | رقم الاستدعاء | الباركود | Date last seen | مُعار | نوع الوعاء |
|---|---|---|---|---|---|---|---|---|---|---|---|---|---|---|---|
| Dewey Decimal Classification | Donation-Gift | Central Library | Central Library | First floor | 06/12/2007 | Purchase | 618.925 ش ل ب | 000008450 | 15/07/2025 | 01/06/2011 | Book - Borrowing |